| 000 | 00381nam a22001577a 4500 | ||
|---|---|---|---|
| 003 | NUST - PNEC | ||
| 005 | 20170116181057.0 | ||
| 008 | 151001b xxu||||| |||| 00| 0 eng d | ||
| 040 | _cLIBRARY | ||
| 082 | _a658.544 LUC | ||
| 100 |
_912111 _aLucey, T. |
||
| 245 |
_aQuantitative techniques _cLucey, T. |
||
| 260 | _c1979 | ||
| 650 |
_912110 _bMS Control _xMScon |
||
| 942 |
_2ddc _cBK |
||
| 999 |
_c68590 _d68590 |
||